Thơ văn nữ Nam bộ thế kỷ XX
保存先:
| 第一著者: | |
|---|---|
| フォーマット: | 図書 |
| 言語: | Undetermined |
| 出版事項: |
Tp. HCM
Tp HCM
2002
|
| 主題: | |
| タグ: |
タグ追加
タグなし, このレコードへの初めてのタグを付けませんか!
|
| Thư viện lưu trữ: | Trung tâm Học liệu Trường Đại học Cần Thơ |
|---|
| LEADER | 00542nam a2200169Ia 4500 | ||
|---|---|---|---|
| 001 | CTU_49105 | ||
| 008 | 210402s9999 xx 000 0 und d | ||
| 082 | |a 895.922008 | ||
| 082 | |b Th460 | ||
| 100 | |a Nguyễn Kim Anh ...[et al.] | ||
| 245 | 0 | |a Thơ văn nữ Nam bộ thế kỷ XX | |
| 245 | 0 | |c Nguyễn Kim Anh ...[et al.] | |
| 260 | |a Tp. HCM | ||
| 260 | |b Tp HCM | ||
| 260 | |c 2002 | ||
| 650 | |a vietnamese fiction - women authors,vietnamese poetry - women authors | ||
| 980 | |a Trung tâm Học liệu Trường Đại học Cần Thơ | ||